Les teories de la recepci贸 literaria (Record no. 16796)
[ view plain ]
| 000 -LEADER | |
|---|---|
| campo de control de longitud fija | 00277nam a2200109Ia 4500 |
| 005 - FECHA Y HORA DE LA 脷LTIMA TRANSACCI脫N | |
| campo de control | 20251222144644.0 |
| 008 - DATOS DE LONGITUD FIJA--INFORMACI脫N GENERAL | |
| campo de control de longitud fija | 251222s9999||||xx |||||||||||||| ||spa|| |
| 082 ## - N脷MERO DE LA CLASIFICACI脫N DECIMAL DEWEY | |
| N煤mero de clasificaci贸n | 860.1/R73 |
| 100 ## - ENTRADA PRINCIPAL--NOMBRE DE PERSONA | |
| Nombre de persona | "Roderic Guzman, Josep" |
| 245 #0 - MENCI脫N DEL T脥TULO | |
| T铆tulo | Les teories de la recepci贸 literaria |
| 942 ## - ELEMENTOS DE ENTRADA SECUNDARIOS (KOHA) | |
| Tipo de 铆tem Koha | Libros |
| Estatus retirado | Estado de p茅rdida | Estado de da帽o | No para pr茅stamo | Biblioteca de origen | Biblioteca actual | Ubicaci贸n en estanter铆a | Fecha de adquisici贸n | Total de pr茅stamos | Signatura topogr谩fica completa | C贸digo de barras | Visto por 煤ltima vez | Precio de reemplazo | Tipo de 铆tem Koha |
|---|---|---|---|---|---|---|---|---|---|---|---|---|---|
| Biblioteca Central | Biblioteca Central | Programa | 22/12/2025 | 860.1/R73 | 0025525 | 22/12/2025 | 22/12/2025 | Libros |
